Statystyki dla Niektóre kraje Europy bez mapy

Kliknij tutaj aby rozwiązać quiz!

Ogólne statystyki

  • Ten quiz został rozwiązany 78 razy
  • Średni wynik to 15 z 20

Statystyki odpowiedzi

PodpowiedziOdpowiedź% Poprawnych
Graniczy z HiszpaniąPortugalia
94%
Jest uformowany z szkocji... Walii... i Angli,Wielka Brytania
94%
Graniczy z wielką brytaniąIrlandia
92%
Członek dawnego belenuxuHolandia
89%
Członek dawnego belenuxuBelgia
85%
Katalonia chce być osobnym krajemHiszpania
85%
Członek dawnego belenuxuLuksemburg
85%
Rosja.... nie lubi aktualnie tego kraju w swój sposóbUkraina
82%
Kraj bałtycki graniczący z PolskąLitwa
81%
członek dawnej czechoslowacjiSłowacja
81%
Nasz sąsiadCzechy
79%
kiedys tam byl C0MUNIZMRosja
79%
Graniczy z PolskąNiemcy
77%
Graniczy z niemcem.Austria
76%
Graniczy z niemcami....Francja
76%
jest tam stosowana kara śmierciBiałoruś
68%
Liechtenstein to jego/jej "brat"Szwajcaria
65%
Kraj bałtycki graniczący z całym bałtykiemŁotwa
63%
Bardzo mały kraj.Liechtenstein
45%
Nauka tego języka przez anglika zajmuje ok. 88 tygodniWęgry
23%

Rozkład punktacji

Percentyl według liczby udzielonych odpowiedzi

Procent ludzi z każdym wynikiem

Twoja historia wyników

Nie rozwiązałeś tego quizu